<?xml version="1.0" encoding="UTF-8"?>
<marc:record xmlns:marc="http://www.loc.gov/MARC21/slim">
   <marc:leader>00000nam a2200000 a 4500</marc:leader>
   <marc:datafield ind1="0" ind2="0" tag="245">
      <marc:subfield code="a">Peppa schützt unsere Erde</marc:subfield>
   </marc:datafield>
   <marc:datafield ind1=" " ind2="1" tag="264">
      <marc:subfield code="c">2021</marc:subfield>
   </marc:datafield>
   <marc:datafield ind1="1" ind2=" " tag="520">
      <marc:subfield code="a">Peppa und ihre Freunde zeigen wie es geht – Umweltschutz leicht gemacht!&#xD;
&#xD;
Diese Woche steht in der Spielgruppe alles unter dem Motto ” Wir lieben unseren Planeten.“ Peppa und ihre Freunde bekommen von Madame Gazelle die Aufgabe, Sammelalben zu basteln. Hier sollen sie all die Dinge zusammentragen, die man tun kann, um die Umwelt zu schützen. Peppa und Schorsch lernen, dass Mülltrennung, Strom sparen und Co. eine Menge Spaß bringt und schon kleine Veränderungen einen GROSSEN Unterschied machen. (Verlagstext)</marc:subfield>
   </marc:datafield>
   <marc:datafield ind1=" " ind2=" " tag="020">
      <marc:subfield code="a">9783845117669</marc:subfield>
      <marc:subfield code="9">9783845117669</marc:subfield>
   </marc:datafield>
   <marc:datafield ind1=" " ind2=" " tag="338">
      <marc:subfield code="a">Band</marc:subfield>
   </marc:datafield>
   <marc:datafield ind1=" " ind2=" " tag="300">
      <marc:subfield code="a">32 ungezählte Seiten, Illustration</marc:subfield>
   </marc:datafield>
</marc:record>
